<?xml version="1.0" encoding="UTF-8"?>
<record
    xmlns:xsi="http://www.w3.org/2001/XMLSchema-instance"
    xsi:schemaLocation="http://www.loc.gov/MARC21/slim http://www.loc.gov/standards/marcxml/schema/MARC21slim.xsd"
    xmlns="http://www.loc.gov/MARC21/slim">

  <leader>03665nam a2200433Ia 4500</leader>
  <controlfield tag="001">dia_7299</controlfield>
  <controlfield tag="003">CHAP</controlfield>
  <controlfield tag="005">20250919134217.0</controlfield>
  <controlfield tag="007">ta</controlfield>
  <controlfield tag="008">220117s1995    mx ad  frm    001 0 spa d</controlfield>
  <datafield tag="010" ind1=" " ind2=" ">
    <subfield code="a">179027</subfield>
  </datafield>
  <datafield tag="040" ind1=" " ind2=" ">
    <subfield code="c">CHAP</subfield>
    <subfield code="a">mxchpua</subfield>
    <subfield code="e">rda</subfield>
  </datafield>
  <datafield tag="041" ind1="0" ind2=" ">
    <subfield code="a">spa</subfield>
    <subfield code="b">spa</subfield>
  </datafield>
  <datafield tag="090" ind1=" " ind2=" ">
    <subfield code="a">Tesis</subfield>
    <subfield code="b">E87</subfield>
    <subfield code="c">1995</subfield>
  </datafield>
  <datafield tag="100" ind1="1" ind2=" ">
    <subfield code="a">Esparza Tovar, Gloria</subfield>
  </datafield>
  <datafield tag="245" ind1="1" ind2="0">
    <subfield code="a">Caracterizaci&#xF3;n fisica, qu&#xED;mica y sensorial del pan bolillo y harinas comerciales /</subfield>
    <subfield code="c">Gloria Esparza Tovar</subfield>
  </datafield>
  <datafield tag="264" ind1=" " ind2=" ">
    <subfield code="a">Chapingo, M&#xE9;xico :</subfield>
    <subfield code="b">El autor,</subfield>
    <subfield code="c">1995</subfield>
  </datafield>
  <datafield tag="300" ind1=" " ind2=" ">
    <subfield code="a">ii, 92 hojas :</subfield>
    <subfield code="b">ilustraciones, gr&#xE1;ficas, tablas</subfield>
  </datafield>
  <datafield tag="336" ind1=" " ind2=" ">
    <subfield code="2">rdacontent</subfield>
    <subfield code="a">texto</subfield>
    <subfield code="b">txt</subfield>
  </datafield>
  <datafield tag="337" ind1=" " ind2=" ">
    <subfield code="2">rdamedia</subfield>
    <subfield code="a">no mediado</subfield>
    <subfield code="b">n</subfield>
  </datafield>
  <datafield tag="338" ind1=" " ind2=" ">
    <subfield code="2">rdacarrier</subfield>
    <subfield code="a">volumen</subfield>
    <subfield code="b">nc</subfield>
  </datafield>
  <datafield tag="502" ind1=" " ind2=" ">
    <subfield code="a">Tesis </subfield>
    <subfield code="b">(Ingeniero Agroindustrial) -- </subfield>
    <subfield code="c">UACh. Departamento de Ingenier&#xED;a Agroindustrial, </subfield>
    <subfield code="d">1995</subfield>
  </datafield>
  <datafield tag="504" ind1=" " ind2=" ">
    <subfield code="a">Bibliograf&#xED;a: hojas 78-81</subfield>
  </datafield>
  <datafield tag="520" ind1="3" ind2=" ">
    <subfield code="a">Se caracterizaron por medio de pruebas f&#xED;sicas, qu&#xED;micas y sensoriales el pan bolillo y barinas provenientes de establecimientos comerciales de la industria de panificaci&#xF3;n del estado de M&#xE9;xico y Distrito Federal, representativas de tres tipos de procesamiento utilizados en el proceso de producci&#xF3;n de pan: Producci&#xF3;n automatizada (calidad alta), producci&#xF3;n semimecanizada (calidad media) y producci&#xF3;n artesanal (calidad baja). Se incluyeron 3 harinas como testigo obtenidas de las variedades Batan, G&#xE1;lvez y Salamanca de gluten fuerte, medio fuerte y suave, respectivamente. El m&#xE9;todo de elaboraci&#xF3;n del pan bolillo a nivel laboratorio fue el de masa directa y las variables de respuesta fueron el peso, volumen, humedad, prote&#xED;na, y dureza, esta &#xFA;ltima evaluada en el medidor de textura Instron universal. Los resultados obtenidos mostraron diferencias cualitativas y cuantitativas en el pan bolillo v harinas analizadas. Las harinas comerciales tuvieron caracter&#xED;sticas reol&#xF3;gicas similares entre si, pero inferiores a las harinas de variedades testigo, las cuales tuvieron valores de sedimentaci&#xF3;n altos indicando con esto la calidad superior intr&#xED;nseca de las prote&#xED;nas del gluten. El pan bolillo mostr&#xF3; mayor variaci&#xF3;n en los par&#xE1;metros f&#xED;sicos que en los par&#xE1;metros qu&#xED;micos en los tres tipos de calidad evaluados; el pan bolillo proveniente del tipo de calidad baja tuvo el contenido de prote&#xED;na m&#xE1;s alto, 11.7%. Las caracter&#xED;sticas sensoriales del pan bolillo se vieron altamente influenciadas por el tipo de procesamiento, siendo la firmeza donde se present&#xF3; mayor diferencia significativa (a&lt; 0.05). Los bolillos provenientes de producci&#xF3;n automatizada (calidad alta) y semimecanizada (calidad media) mostraron diferencias significativas (a &lt; 0.05) las variables de humedad, desmoronamiento y firmeza. El pan bolillo proveniente de producci&#xF3;n artesanal (calidad baja) tuvo atributos sensoriales inferiores en firmeza, desmoronamiento y adhesividad, pero una calificaci&#xF3;n de sabor superior al pan bolillo alta y media.&#xA0;</subfield>
  </datafield>
  <datafield tag="650" ind1="1" ind2="3">
    <subfield code="a">Evaluaci&#xF3;n sensorial de los alimentos  </subfield>
    <subfield code="2">atg</subfield>
  </datafield>
  <datafield tag="650" ind1="1" ind2="3">
    <subfield code="a">Harina  </subfield>
    <subfield code="2">atg</subfield>
    <subfield code="x">Propiedades fisicoqu&#xED;micas  </subfield>
  </datafield>
  <datafield tag="650" ind1="1" ind2="3">
    <subfield code="a">Pan blanco  </subfield>
    <subfield code="2">atg</subfield>
    <subfield code="x">Propiedades fisicoqu&#xED;micas  </subfield>
  </datafield>
  <datafield tag="650" ind1="1" ind2="3">
    <subfield code="a">Flour  </subfield>
    <subfield code="2">atg</subfield>
    <subfield code="x">Physicochemical properties  </subfield>
  </datafield>
  <datafield tag="650" ind1="1" ind2="3">
    <subfield code="a">Sensory evaluation</subfield>
    <subfield code="2">atg</subfield>
  </datafield>
  <datafield tag="650" ind1="1" ind2="3">
    <subfield code="a">White bread  </subfield>
    <subfield code="2">atg</subfield>
    <subfield code="x">Physicochemical properties  </subfield>
  </datafield>
  <datafield tag="700" ind1="1" ind2=" ">
    <subfield code="a">Salazar Zazueta, Alfredo</subfield>
    <subfield code="e">director</subfield>
  </datafield>
  <datafield tag="700" ind1="1" ind2=" ">
    <subfield code="a">Buend&#xED;a Gonz&#xE1;lez, Ma. Ofelia</subfield>
    <subfield code="e">asesora</subfield>
  </datafield>
  <datafield tag="700" ind1="1" ind2=" ">
    <subfield code="a">Hern&#xE1;ndez Montes, Arturo</subfield>
    <subfield code="e">asesor</subfield>
  </datafield>
  <datafield tag="901" ind1=" " ind2=" ">
    <subfield code="a">TESIS E87 1995</subfield>
  </datafield>
  <datafield tag="902" ind1=" " ind2=" ">
    <subfield code="a">M</subfield>
  </datafield>
  <datafield tag="905" ind1=" " ind2=" ">
    <subfield code="a">5232271995                          mx nm  8223123322spa16</subfield>
  </datafield>
  <datafield tag="942" ind1=" " ind2=" ">
    <subfield code="c">TESIS</subfield>
    <subfield code="2">Clasificaci&#xF3;n Universidad Aut&#xF3;noma Chapingo</subfield>
  </datafield>
  <datafield tag="999" ind1=" " ind2=" ">
    <subfield code="c">179027</subfield>
    <subfield code="d">179027</subfield>
  </datafield>
  <datafield tag="952" ind1=" " ind2=" ">
    <subfield code="0">0</subfield>
    <subfield code="1">0</subfield>
    <subfield code="2">local</subfield>
    <subfield code="4">0</subfield>
    <subfield code="5">5</subfield>
    <subfield code="7">0</subfield>
    <subfield code="8">TESIS</subfield>
    <subfield code="a">IA_</subfield>
    <subfield code="b">IA_</subfield>
    <subfield code="e">El autor</subfield>
    <subfield code="l">0</subfield>
    <subfield code="o">Tesis E87 1995</subfield>
    <subfield code="p">1101011925</subfield>
    <subfield code="r">2026-02-02 00:00:00</subfield>
    <subfield code="t">Ej. 2</subfield>
    <subfield code="y">TESIS</subfield>
  </datafield>
  <datafield tag="952" ind1=" " ind2=" ">
    <subfield code="0">0</subfield>
    <subfield code="1">0</subfield>
    <subfield code="2">local</subfield>
    <subfield code="4">0</subfield>
    <subfield code="5">1</subfield>
    <subfield code="7">0</subfield>
    <subfield code="8">TESIS</subfield>
    <subfield code="a">IA_</subfield>
    <subfield code="b">IA_</subfield>
    <subfield code="e">El autor</subfield>
    <subfield code="l">0</subfield>
    <subfield code="o">Tesis E87 1995</subfield>
    <subfield code="p">1101011924</subfield>
    <subfield code="r">2026-02-02 00:00:00</subfield>
    <subfield code="t">Ej. 1</subfield>
    <subfield code="y">TESIS</subfield>
  </datafield>
</record>
